000 01172nam a2200253Ia 4500
003 CO-CtgCURN
005 20250410184727.0
008 231012s9999 xx 000 0 und d
020 _a9586762866
040 _aCO-CtgCURN
_bspa
_ccoctgcurn
082 _a342.06
_bO42
100 _aOlano García, Hernan Alejandro
_eautor
_98629
245 0 _aPreguntas y respuestas de derecho administrativo y general colombiano /
_cHernan Alejandro Olano García
260 _aBogotá, Colombia :
_bEdiciones Doctrina y Ley,
_c2005
300 _a458 páginas ;
_c21 centímetros
500 _aIncluye índice
504 _aIncluye referencias bibliográficas (p. [417]-432)
505 _aPreguntas de derecho administrativo general y colombiano -- Respuesta de derecho administración general y colombiano -- Casos de derecho administrativo colombiano -- Recursos biblikograficos y sitios de internet útiles para el derecho público
521 _aAREA PROFESIONAL
590 _aPrograma de Derecho _18
650 _aDerecho administrativo
_zColombia
_98630
942 _cBK
_h342.06
_iO42
_2ddc
_n0
999 _c30835
_d30835